Statistics for Blocks crafted using Cobblestone

Click here to take the quiz!

General Stats

  • This quiz has been taken 4 times
  • The average score is 8 of 20

Answer Stats

HintAnswer% Correct
6Cobblestone slab
75%
7Cobblestone stairs
75%
8Cobblestone Wall
75%
14Furnace
75%
12Dispenser
50%
18Mossy cobblestone
50%
15Piston
50%
2Stone axe
50%
5Stone hoe
50%
3Stone pickaxe
50%
4Stone shovel
50%
1Stone sword
50%
9Andesite
25%
10Diorite
25%
13Dropper
25%
16Observer
25%
11Brewing stand
0%
17Lever
0%
19Sentry armor trim
0%
20Vex armor trim
0%

Score Distribution

Percentile by Number Answered

Percent of People with Each Score

Your Score History

You have not taken this quiz